<?xml version="1.0" encoding="UTF-8"?>
<record
    xmlns:xsi="http://www.w3.org/2001/XMLSchema-instance"
    xsi:schemaLocation="http://www.loc.gov/MARC21/slim http://www.loc.gov/standards/marcxml/schema/MARC21slim.xsd"
    xmlns="http://www.loc.gov/MARC21/slim">

  <leader>01730nam a2200265 a 4500</leader>
  <controlfield tag="001">ASIN158423539X</controlfield>
  <controlfield tag="003">OSt</controlfield>
  <controlfield tag="005">20180116192424.0</controlfield>
  <controlfield tag="008">140828s2014    xxu                 eng d</controlfield>
  <datafield tag="020" ind1=" " ind2=" ">
    <subfield code="a">158423539X (paperback)</subfield>
  </datafield>
  <datafield tag="020" ind1=" " ind2=" ">
    <subfield code="a">9781584235392 (paperback)</subfield>
  </datafield>
  <datafield tag="040" ind1=" " ind2=" ">
    <subfield code="c">sada</subfield>
  </datafield>
  <datafield tag="050" ind1="0" ind2="4">
    <subfield code="a">HF5770</subfield>
  </datafield>
  <datafield tag="082" ind1=" " ind2=" ">
    <subfield code="a">688.8068</subfield>
    <subfield code="b">ABE 2014</subfield>
  </datafield>
  <datafield tag="100" ind1="1" ind2=" ">
    <subfield code="a">Abellan, Miquel.</subfield>
    <subfield code="9">7764</subfield>
  </datafield>
  <datafield tag="245" ind1="1" ind2="0">
    <subfield code="a">Fun packaging /</subfield>
    <subfield code="c">by Miquel Abellan.</subfield>
  </datafield>
  <datafield tag="250" ind1=" " ind2=" ">
    <subfield code="a">Bilingual ed.</subfield>
  </datafield>
  <datafield tag="260" ind1=" " ind2=" ">
    <subfield code="a">[S.l.] :</subfield>
    <subfield code="b">Gingko Press Inc.,</subfield>
    <subfield code="c">2014.</subfield>
  </datafield>
  <datafield tag="300" ind1=" " ind2=" ">
    <subfield code="a">192 p. ;</subfield>
    <subfield code="c">24 cm.</subfield>
  </datafield>
  <datafield tag="520" ind1=" " ind2=" ">
    <subfield code="a">Fun Packaging collects quirky, eye-catching examples of the best bottles, tins, boxes, and bags along with other inventive packaging concepts. While many blue-chip brands rely on consistent marks and reassuring blandness, there's a new ecosystem of companies and products speaking an entirely different language with their packaging. Whether sharp and refined, rude and crude, or cute and friendly, these products jump off the shelves by portraying brand personalities. Notable entries include a Greta Garbo inspired whiskey label, Food Finish, the world's first food coloring in a spray can, high definition labels for fresh fish and a cookbook made of pasta. Designers from around the world include Neumeister Design, Studio Lost &amp; Found, Studio mLlongo, Bayley Design, Beetroot Design Group, The Creative Method, Bessermachen Design Studio, Reynolds &amp; Reyner, Mousegraphics, P&amp;W Design Consultants, lg2boutique, Lun Yau, Fresh Chicken, Andre Zaragoza, Yevgeny Razumov and more.</subfield>
  </datafield>
  <datafield tag="650" ind1=" " ind2="0">
    <subfield code="a">Consumer goods</subfield>
    <subfield code="9">7765</subfield>
  </datafield>
  <datafield tag="650" ind1=" " ind2="0">
    <subfield code="a">Packaging</subfield>
    <subfield code="9">7766</subfield>
  </datafield>
  <datafield tag="856" ind1="4" ind2="0">
    <subfield code="3">Amazon.com</subfield>
    <subfield code="u">http://www.amazon.com/exec/obidos/ASIN/158423539X/chopaconline-20</subfield>
  </datafield>
  <datafield tag="942" ind1=" " ind2=" ">
    <subfield code="2">ddc</subfield>
    <subfield code="c">BK</subfield>
  </datafield>
  <datafield tag="999" ind1=" " ind2=" ">
    <subfield code="c">354006</subfield>
    <subfield code="d">354006</subfield>
  </datafield>
  <datafield tag="952" ind1=" " ind2=" ">
    <subfield code="0">0</subfield>
    <subfield code="1">0</subfield>
    <subfield code="2">ddc</subfield>
    <subfield code="4">0</subfield>
    <subfield code="7">0</subfield>
    <subfield code="a">SADA</subfield>
    <subfield code="b">SADA</subfield>
    <subfield code="d">2014-08-27</subfield>
    <subfield code="l">7</subfield>
    <subfield code="m">4</subfield>
    <subfield code="o">688.8068 ABE 2014</subfield>
    <subfield code="p">SADA0002374</subfield>
    <subfield code="r">2025-04-21</subfield>
    <subfield code="s">2025-04-16</subfield>
    <subfield code="v">2650.32</subfield>
    <subfield code="w">2014-08-28</subfield>
    <subfield code="y">BK</subfield>
  </datafield>
</record>
